Т. 1: Физические основы механики. Молекулярная физика. Колебания и волны; Курс общей физики

書誌詳細
Parent link:Курс общей физики: в 3 т./ С. Э. Фриш, А. В. Тиморева. Т. 1: Физические основы механики. Молекулярная физика. Колебания и волны.— 12 изд., стер..— , 2007.— 978-5-8114-0663-0
要約:Трехтомный «Курс общей физики», написанный совместно С. Э. Фришем (1899-1977) и А. В. Тиморевой (1902-1995), в течение многих лет был одним из основных курсов физики, выдержал множество переизданий, в том числе на иностранных языках. Учебник отличается ясностью логики и алгоритма изложения, простотой подачи материала. В первом томе рассматриваются физические основы механики, молекулярная физика, теория колебаний и волновая физика. Учебник рекомендован для студентов технических вузов и университетов.
言語:ロシア語
出版事項: 2007
主題:
フォーマット: 図書
KOHA link:https://koha.lib.tpu.ru/cgi-bin/koha/opac-detail.pl?biblionumber=138091

MARC

LEADER 00000nam2a2200000 4500
001 138091
005 20231031141308.0
010 |a 9785811406623 
035 |a (RuTPU)RU\TPU\book\149640 
035 |a RU\TPU\book\102918 
090 |a 138091 
100 |a 20080520d2007 m y0rusy50 ca 
101 0 |a rus 
102 |a RU 
105 |a a j 001zy 
200 0 |a Т. 1: Физические основы механики. Молекулярная физика. Колебания и волны 
210 |d 2007 
215 |a 471 с.  |c ил. 
320 |a Алфавитный указатель: с. 460-466. 
330 |a Трехтомный «Курс общей физики», написанный совместно С. Э. Фришем (1899-1977) и А. В. Тиморевой (1902-1995), в течение многих лет был одним из основных курсов физики, выдержал множество переизданий, в том числе на иностранных языках. Учебник отличается ясностью логики и алгоритма изложения, простотой подачи материала. В первом томе рассматриваются физические основы механики, молекулярная физика, теория колебаний и волновая физика. Учебник рекомендован для студентов технических вузов и университетов. 
451 1 |0 (RuTPU)RU\TPU\book\102918  |y 5-8114-0663-0  |t Т. 1. Физические основы механики. Молекулярная физика. Колебания и волны  |d 2006  |p 471 с. 
461 1 |0 (RuTPU)RU\TPU\book\103737  |y 978-5-8114-0663-0  |t Курс общей физики  |o в 3 т.  |o учебник  |f С. Э. Фриш, А. В. Тиморева  |v Т. 1: Физические основы механики. Молекулярная физика. Колебания и волны  |e 12 изд., стер.  |d 2007  |s Лучшие классические учебники. Физика 
610 1 |a физика 
610 1 |a механика 
610 1 |a молекулярная физика 
610 1 |a колебания 
610 1 |a волны 
610 1 |a кинематика 
610 1 |a динамика 
610 1 |a работа 
610 1 |a энергия 
610 1 |a твердые тела 
610 1 |a движение 
610 1 |a жидкости 
610 1 |a газы 
610 1 |a термодинамика 
610 1 |a молекулярные свойства 
610 1 |a гармонические колебания 
610 1 |a акустические колебания 
610 1 |a учебники 
675 |a 53(075.8)  |v 3 
801 1 |a RU  |b 63413507  |c 20041125  |g PSBO 
801 2 |a RU  |b 63413507  |c 20210624  |g PSBO 
900 |a Молекулярная физика 
900 |a Колебания и волны 
900 |a Физика 
942 |c BK 
959 |a 79/20130417  |d 10  |e 570,46  |f УФ:10 
959 |a 133/20131015  |d 10  |e 635,36  |f УФ:10